El Anexo criminológico en la cárcel nacional de Maracaibo /

Сохранить в:
Библиографические подробности
Главный автор: Sánchez de Calles, Gloria
Формат: Текст
Предметы:
Метки: Добавить метку
Нет меток, Требуется 1-ая метка записи!

MARC

LEADER 00000 a a2200000 04500
001 2454
003
040
100 |a Sánchez de Calles, Gloria  
245 |a El Anexo criminológico en la cárcel nacional de Maracaibo /  |c Gloria Sánchez de Calles 
650 |a PRISIONEROS  
650 |a PRISIONES  
650 |a INVESTIGACION SOCIAL  
650 |a REPRESENTACION SOCIAL  
650 |a REHABILITACION SOCIAL  
650 |a INSTITUCIONES PENALES  
650 |a CRIMINOLOGIA  
650 |a PODER JUDICIAL  
650 |a VENEZUELA  
773 |g volumen 32, número 1; páginas 45-63  
999 |c 37326  |d 37326